Retablo de la avaricia la lujuria y la muerte
Сохранить в:
| Главный автор: | |
|---|---|
| Формат: | |
| Язык: | испанский |
| Опубликовано: |
Madrid
Sociedad General Española de Librería
1927
|
| Серии: | Opera Omnia, 4
|
| Предметы: | |
| Метки: |
Добавить метку
Нет меток, Требуется 1-ая метка записи!
|
MARC
| LEADER | 00000nam a2200000 a 4500 | ||
|---|---|---|---|
| 001 | UCU4900 | ||
| 003 | CL-VaPUC | ||
| 008 | 960531e19270000SP |||||||||||||||||spa|d | ||
| 082 | 0 | 4 | |a 862 |b VAL |2 21 |
| 100 | 0 | |a Valle Inclán, Ramón del |e author |9 315482 | |
| 245 | 1 | 0 | |a Retablo de la avaricia la lujuria y la muerte |
| 300 | |a 339 p | ||
| 942 | |c BK | ||
| 945 | |d 19960531 00:00:00 |a rbrito | ||
| 260 | |a Madrid |b Sociedad General Española de Librería |c 1927 | ||
| 650 | 0 | |a Dramas españoles |9 267081 | |
| 583 | |a last modification |c 19960531 00:00:00 |k Rodrigo Vera | ||
| 490 | 0 | |a Opera Omnia, 4 | |
| 999 | |c 248428 |d 248426 | ||
| 952 | |0 0 |1 0 |4 0 |6 862_000000000000000_VAL_1927 |7 0 |8 A |9 265042 |a BIBEDU |b BIBEDU |d 2019-11-19 |i 3115038 |o 862 VAL 1927 |p 3115038 |r 2019-11-19 |w 2019-11-19 |y BK |k LIT | ||